| 000 | 00703nam a22002177a 4500 | ||
|---|---|---|---|
| 005 | 20231115143054.0 | ||
| 008 | 180605t sp gr|||| 000 0s a|| | ||
| 020 | _a8481553891 | ||
| 050 | 0 | 4 |
_aKKT3569 _bA44 1998 |
| 100 | 1 | _aAlfonso Galán, Rosa María | |
| 245 | 1 | 0 |
_aLos intereses por retraso o demora a favor de la hacienda pública _c / Rosa María Alfonso Galán. |
| 250 | _a1a ed. | ||
| 260 |
_aMadrid : _bDykinson, _c1998 |
||
| 300 |
_a254 p. ; _c24 cm. |
||
| 504 | _aBibliografía : p. 229-246 | ||
| 506 | _aFomes 2003 | ||
| 650 | 1 | 0 |
_aPenas de impuesto _zEspaña |
| 650 | 2 | 0 |
_aInterés _xLeyes y legislación _zEspaña |
| 650 | 3 | 0 |
_aHacienda Pública _zEspaña |
| 942 |
_2lcc _cLIB |
||
| 999 |
_c112855 _d112855 |
||